000 00781nam a2200265 4500
001 27742
021 _aPT
_b229948/05
090 _a27742
100 _a20070111d19952005k y0pory5003 ba
101 1 _apor
102 _aPT
200 1 _aO erro de Descartes
_eemocao, razao e cerébro humano
_fAntónio R. Damásio
_gtrad. Dora Vicente e Georgina Segurado
205 _a24ª ed
210 _aMem Martins
_cEuropa-América
_dD.L. 2005
215 _a309 p.
_d23 cm
225 2 _aForum da ciência
_v29
304 _aTít. orig.: Descartes'error
675 _a616.8
_vBN
_zpor
675 _a612.82
_vBN
_zpor
675 _a159.9
_vBN
_zpor
700 1 _aDamásio
_bAntónio Rosa
_f1944-
702 1 _aVicente
_bDora
_4730
702 1 _aSegurado
_bMaria Georgina
_4730
801 _aPT
_gRPC
990 _cLIVROS